000 00270nam a22001097a 4500
008 170126b xxu||||| |||| 00| 0 eng d
020 _a0136080308
041 _aeng
080 _26TH
_a61
245 _aTHE ECONOMICS OF HEALTH AND HEALTH CARE
_cFOLLAND, SH
942 _2udc
_cBK
999 _c3751
_d3751